000 00518nmm a2200157Ia 4500
008 251105s9999||||xx |||||||||||||||||und||
041 _aspa
100 _aMaceiras Rey, Carmen
245 0 _aLas niñas abandonadas. La Inclusa de Madrid y el Colegio de la Paz (1807-1934)
264 _a[Madrid, España] :
_bPrensas Universitarias de Zaragoza,
_c2020
300 _a410 páginas
490 _aEstudios
650 _aHistory of Europe: Spain
856 _uhttps://public.digitaliapublishing.com/a/70145
942 _cCF
999 _c99315
_d99315